|
|
|
|
| LEADER |
00000cam a2200000 4500 |
| 001 |
vtls011871911 |
| 003 |
SK-MaSNL |
| 005 |
20260301051406.0 |
| 008 |
190619s2019 xr a frfn 001 0 cze |
| 020 |
|
|
|a 9788020451040
|q (brožované)
|
| 040 |
|
|
|a SNK
|b slo
|c SNK
|e rda
|
| 041 |
0 |
|
|a cze
|b eng
|
| 044 |
|
|
|a xr
|c CZ
|
| 080 |
|
|
|a 616-07-089-021.67
|2 2011
|
| 080 |
|
|
|a 617-089.163
|2 2011
|
| 080 |
|
|
|a 616-07
|2 2011
|
| 080 |
|
|
|a 616-01/-03
|2 2011
|
| 080 |
|
|
|a (035)
|2 2011
|
| 100 |
1 |
|
|a Kotík, Luboš,
|d 1949-
|4 aut
|9 358579
|
| 245 |
1 |
0 |
|a Předoperační vyšetření dospělých
|c Luboš Kotík
|
| 250 |
|
|
|a 3., přepracované a doplněné vydání
|
| 264 |
|
1 |
|a Praha
|b Mladá fronta
|c 2019
|
| 300 |
|
|
|a 135 strán
|b tabuľky
|c 18 cm
|
| 336 |
|
|
|a text
|b txt
|2 rdacontent
|
| 337 |
|
|
|a bez média
|b n
|2 rdamedia
|
| 338 |
|
|
|a zväzok
|b nc
|2 rdacarrier
|
| 490 |
1 |
|
|a Aeskulap
|
| 504 |
|
|
|a Bibliografia na strane 128-130 ; register
|
| 546 |
|
|
|a Anglické resumé
|
| 650 |
0 |
7 |
|a predoperačné vyšetrenia
|2 SNKPH
|9 358580
|
| 650 |
0 |
7 |
|a predoperačná príprava
|2 SNKPH
|9 246199
|
| 650 |
0 |
7 |
|a lekárske vyšetrenia
|2 SNKPH
|9 81944
|
| 650 |
0 |
7 |
|a zdravotné riziká
|2 SNKPH
|9 67258
|
| 650 |
0 |
7 |
|a Medical examinations
|2 SNKPHeng
|9 358581
|
| 650 |
0 |
7 |
|a Health risks
|2 SNKPHeng
|9 303156
|
| 655 |
|
7 |
|a príručky
|2 SNKPH
|9 74364
|
| 655 |
|
7 |
|a Handbooks, manuals, etc.
|2 SNKPHeng
|9 90964
|
| 830 |
|
0 |
|a Aeskulap
|9 335108
|
| 919 |
|
|
|a 978-80-204-5104-0
|
| 958 |
|
|
|a CZ
|
| 958 |
|
|
|a MI
|
| 958 |
|
|
|a NB
|
| 999 |
|
|
|c 603220
|d 605150
|
| 952 |
|
|
|t snkKOT 616-07
|a SNKUST
|b SNKUST
|y PREZ
|7 0
|p 17A1444265
|o snkID 101926
|i snk2020/18074
|8 4
|g 8.82
|0 0
|1 0
|4 0
|d 2019-11-07
|l 0
|r 2025-05-29 00:00:00
|w 2026-02-23
|